ធរណីវិទ្យា (Record no. 9492)

000 -LEADER
fixed length control field 00356nam a22001217a 4500
040 ## - CATALOGING SOURCE
Transcribing agency HS
082 ## - DEWEY DECIMAL CLASSIFICATION NUMBER
Classification number 631
100 ## - MAIN ENTRY--AUTHOR NAME
Personal name កង អូន
245 ## - TITLE STATEMENT
Title ធរណីវិទ្យា
260 ## - PUBLICATION, DISTRIBUTION, ETC. (IMPRINT)
Place of publication វិទ្យាស្ថានបច្ចេកទេសកសិកម្មចំការដូង
Name of publisher កង អូន
Year of publication 1993
300 ## - PHYSICAL DESCRIPTION
Number of Pages NA
942 ## - ADDED ENTRY ELEMENTS (KOHA)
Koha item type សៀវភៅភាសាខ្មែរ
952 ## - LOCATION AND ITEM INFORMATION (KOHA)
Withdrawn status [LOCAL, KOHA] 0
952 ## - LOCATION AND ITEM INFORMATION (KOHA)
Withdrawn status [LOCAL, KOHA] 0
952 ## - LOCATION AND ITEM INFORMATION (KOHA)
Withdrawn status [LOCAL, KOHA] 0
Holdings
Permanent Location Date acquired Koha item type Lost status Shelving location Barcode Current Location Full call number
Library Block C2016-09-02សៀវភៅភាសាខ្មែរ C237RUA042875Library Block C631 កង NA C237
Library Block C2016-10-10សៀវភៅភាសាខ្មែរ C167RUA047035Library Block C631​ កង 1993 C167
Library Block C2016-10-11សៀវភៅភាសាខ្មែរ C166A01816Library Block C631​ កង 1993 C166
មជ្ឈមណ្ឌលឯការនៃសាកលវិទ្យាល័យភូមិន្ទកសិកម្មចំការដូង

Powered by Koha